01122nam a22003017a 45000010005000000030006000050050017000110080041000280200015000690400029000840500016001130820009001291000029001382450077001672500041002442600026002853000056003115050007003675200145003745210018005195210018005376500029005556500024005847000034006089420015006429990015006579520148006726978FISKH20250613104248.0250613b cb ||||| |||| 00| 0 eng d a0394893301 aFISKHbengcFISKHdFISKH aPZ7.A1824 S a 813 aAckerman, Karend(1951-) aSong and dance man /cBy Karen Ackerman ; Illustrated by Stephen Gammell aThis edition first published in 1988 aOhio :bAlfred,c1988 a28 unnumbered pages :bcolor illustrations ;c28 cm aN  aGrandpa demonstrates for his visiting grandchildren some of the songs, dances, and jokes he performed when he was a vaudeville entertainer. 8 a580 bLexile 8 aN bRaz-Plus  2GrandparentsaVaudeville 2DanceaEntertainers aGammell, Stephendillustrator 2ddccBKn0 c6978d6978 00102ddc40708JUVFa002b002cTTP Yellow d2025-06-13l1oACK 813 PZ7.A1824 Sp2025-1620r2025-10-09 09:54:42s2025-08-08t1w2025-06-13yBK